Význam voľného času v procese výchovy a vzdelávania = The Free Time Importance In The Process Of Upbringing And Education : Diplomová práca

Saved in:
Bibliographic Details
Main Author: Uhlár, Jozef (Author)
Other Authors: Petráš, Milan (xxx)
Format: Manuscript Book
Language:Slovak
Published: Trnava : STU v Bratislave MTF UIPH, 2009
Subjects:
Tags: Add Tag
No Tags, Be the first to tag this record!

MARC

LEADER 00000ntm a22000003a 4500
001 stu198893
005 20160719160059.6
008 100125s2009----xo------------------slo-d
040 |a STU  |b slo 
041 0 |a slo 
044 |a xo 
100 1 |a Uhlár, Jozef  |4 aut 
245 1 |a Význam voľného času v procese výchovy a vzdelávania = The Free Time Importance In The Process Of Upbringing And Education :  |b Diplomová práca 
260 |a Trnava :  |b STU v Bratislave MTF UIPH,  |c 2009 
300 |a 84 s  |c Prílohy + 1 CD-ROM 
500 |a Študijný program: učiteľstvo technických profesijných predmetov 
500 |a Študijný odbor: 1.1.2 učiteľstvo profesijných predmetov a praktickej prípravy 
650 7 |a voľný čas  |2 stusub 
650 7 |a mládež  |2 stusub 
700 1 |a Petráš, Milan  |4 xxx  |u M310  |U MTF Ústav inžinierskej pedagogiky a humatitných vied  |T MTF Katedra humanitných vied  |U M310  |Y M310 
996 |b 284M077847  |c M*DP-8757  |l MMSKP  |s P  |a 0  |w stu198893_0001